La Platja / guió: Flora Portas i Maria Llorens ; il·lustracions: Llorenç Ferrer Flora Portas i Maria Llorens ; il·lustracions:
Descripción Física:
35 p. : il. ; 22 x 21 cm
Colección:
Temes de treball ; 1
Materias:
Platges -- Llibres de text
MARC
| LEADER | 00000nam a2200000Ia 4500 | ||
|---|---|---|---|
| 001 | 12823 | ||
| 008 | 160829s1986 xx 000 0 cat d | ||
| 080 | |a FU-15-39 | ||
| 100 | |a Portas, Flora |9 23911 | ||
| 245 | |a La Platja / guió: |b Flora Portas i Maria Llorens ; il·lustracions: |b Llorenç Ferrer | ||
| 260 | |a [Barcelona] : |b Diputació de Barcelona. Servei del Medi Ambient, |c 1986 | ||
| 300 | |a 35 p. : |b il. ; |c 22 x 21 cm | ||
| 490 | |a Temes de treball ; 1 | ||
| 590 | |a A la coberta: Centre d'Estudis del Mar | ||
| 650 | |a Platges |x Llibres de text |9 27760 | ||
| 700 | |a Llorens, Maria |e autor |9 42419 | ||
| 700 | 1 | |a Ferrer, Llorenç |e il·lustrador |9 49658 | |
| 710 | 2 | |a Centre d'Estudis del Mar |9 52945 | |
| 710 | 1 | |a Barcelona (Catalunya : Província). |b Servei de Medi Ambient |9 53475 | |
| 901 | |a Arxiu | ||
| 942 | |n 1 |2 udc | ||
| 952 | |0 0 |1 0 |4 0 |6 FU1539 |7 1 |9 44539 |a Arxiu |b Arxiu |d 2016-12-01 |l 0 |o FU-15-39 |p 12823 |r 2016-12-01 00:00:00 |w 2016-12-01 |y ARXIU | ||
| 999 | |c 47120 |d 47120 | ||